[Event "NOR-chT Club"]
[Site "Bergen"]
[Date "2023.05.21"]
[Round "6.7"]
[White "Hauge, Lars Oskar"]
[Black "Lien, Sebastian"]
[Result "1-0"]
[WhiteElo "2514"]
[BlackElo "1654"]
[PlyCount "45"]
[EventDate "2023.05.18"]
[EventType "team-swiss"]
[EventRounds "6"]
[EventCountry "NOR"]
[SourceTitle "CBM 214 Extra"]
[Source "ChessBase"]
[SourceDate "2023.07.31"]
[SourceVersion "1"]
[SourceVersionDate "2023.07.31"]
[SourceQuality "1"]
[WhiteTeam "Oslo Schakselskap"]
[BlackTeam "Bergens II"]
[WhiteTeamCountry "NOR"]
[BlackTeamCountry "NOR"]

1. e4 b6 2. d4 Bb7 3. Bd3 d6 4. Nc3 Nd7 5. f4 e6 6. Nf3 Ngf6 7. 0-0 Be7 8. Qe1 h6 9. e5 Nd5 10. Qg3 Kf8 11. f5 exf5 12. Bxf5 Nxc3 13. bxc3 Bd5 14. Qg4 Nb8 15. Bd2 Nc6 16. e6 Bf6 17. Rae1 Ne7 18. exf7 Bxf7 19. Be6 Bxe6 20. Rxe6 h5 21. Qe4 d5 22. Qe2 Kg8 23. Bg5 1-0

[Event "NOR-chT Club"]
[Site "Bergen"]
[Date "2023.05.21"]
[Round "5.11"]
[White "Lien, Sebastian"]
[Black "Demac, Elias"]
[Result "1-0"]
[WhiteElo "1654"]
[BlackElo "2235"]
[PlyCount "63"]
[EventDate "2023.05.18"]
[EventType "team-swiss"]
[EventRounds "6"]
[EventCountry "NOR"]
[SourceTitle "CBM 214 Extra"]
[Source "ChessBase"]
[SourceDate "2023.07.31"]
[SourceVersion "1"]
[SourceVersionDate "2023.07.31"]
[SourceQuality "1"]
[WhiteTeam "Bergens II"]
[BlackTeam "Bergens"]
[WhiteTeamCountry "NOR"]
[BlackTeamCountry "NOR"]

1. d4 f5 2. c4 Nf6 3. g3 g6 4. Bg2 Bg7 5. Nf3 0-0 6. 0-0 d6 7. Nc3 Qe8 8. b3 Na6 9. Ba3 c6 10. Rc1 Rb8 11. Bb2 b5 12. cxb5 cxb5 13. b4 h6 14. Nd2 Qf7 15. a3 e5 16. dxe5 dxe5 17. Nf3 Nh5 18. e4 f4 19. Ne2 Re8 20. Rc6 g5 21. gxf4 Bb7 22. Rd6 Nxf4 23. Nxf4 gxf4 24. Nh4 Bc8 25. Kh1 Bf8 26. Rd5 Be6 27. Rxe5 Bg7 28. Rg1 Kh7 29. Rxe6 Rxe6 30. Bxg7 Qxg7 31. Bh3 Qe5 32. Bf5+ 1-0

[Event "Reykjavik op"]
[Site "Reykjavik"]
[Date "2023.04.02"]
[Round "7"]
[White "Lien, Sebastian"]
[Black "Wecker, Martin"]
[Result "0-1"]
[WhiteElo "1618"]
[BlackElo "2144"]
[PlyCount "100"]
[EventDate "2023.03.29"]
[EventType "swiss"]
[EventRounds "9"]
[EventCountry "ISL"]
[SourceTitle "EXT 2024"]
[Source "ChessBase"]
[SourceDate "2023.10.10"]
[SourceVersion "1"]
[SourceVersionDate "2023.10.10"]
[SourceQuality "1"]

1. d4 Nf6 2. Nf3 d5 3. c4 e6 4. Bg5 Bb4+ 5. Nbd2 dxc4 6. Qa4+ Nc6 7. e3 Bd7 8. Bxf6 gxf6 9. Qc2 b5 10. g3 Ne7 11. Bg2 Bc6 12. 0-0 Bxd2 13. Qxd2 0-0 14. Rfe1 Be4 15. Rad1 Ng6 16. Nh4 Bxg2 17. Nxg2 Qd6 18. h4 Rfd8 19. Qe2 Qf8 20. e4 e5 21. h5 Ne7 22. d5 Nc8 23. Ne3 Qh6 24. Ng4 Qg7 25. Qf3 Rd6 26. Kg2 Ne7 27. Rh1 Kh8 28. Rh4 h6 29. Rdh1 c6 30. Ne3 cxd5 31. exd5 Qh7 32. a4 a6 33. Ra1 Rad8 34. axb5 axb5 35. Ra7 Ng8 36. Rb7 f5 37. Rxb5 Nf6 38. Rxc4 f4 39. Ng4 Nxd5 40. Nxe5 Qf5 41. Re4 Re6 42. gxf4 Rg8+ 43. Kf1 Rd6 44. Ke2 Rgd8 45. Nc4 Nxf4+ 46. Qxf4 Qxb5 47. Kf3 Qxh5+ 48. Qg4 Qh1+ 49. Ke3 Rd3+ 50. Kf4 Qxe4+ 0-1